Statistiques concernant Les plus grandes villes de Suisse

Cliquez ici pour prendre le quiz!

Statistiques générales

  • Ce quiz a été pris 7,665 fois
    (7,034 depuis la dernière actualisation)
  • Le résultat moyen est 6 sur 10

Statistiques - réponses

Population Ville % Correct
133 798Berne
95%
200 548Genève
93%
409 241Zurich
88%
138 905Lausanne
71%
177 275Bâle
66%
81 401Lucerne
40%
63 494Lugano
34%
75 522Saint-Gall
30%
54 640Bienne
20%
110 912Winterthour
17%

Distribution des résultats

Percentile by Number Answered

% des personnes avec chaque résultat

Votre développement - résultats

Vous n’avez pas pris ce quiz depuis la dernière actualisation